Muddied waters on village greens (Record no. 117437)
[ view plain ]
| 000 -LEADER | |
|---|---|
| fixed length control field | 01676cam a2200265 4500 |
| 001 - CONTROL NUMBER | |
| control field | ABS67870 |
| 008 - FIXED-LENGTH DATA ELEMENTS--GENERAL INFORMATION | |
| fixed length control field | 040602n2004 000 0 eng u |
| 035 ## - SYSTEM CONTROL NUMBER | |
| System control number | (Sirsi) u126359 |
| 100 ## - MAIN ENTRY--PERSONAL NAME | |
| Personal name | Jones, S. |
| 245 ## - TITLE STATEMENT | |
| Title | Muddied waters on village greens |
| 260 ## - PUBLICATION, DISTRIBUTION, ETC. | |
| Date of publication, distribution, etc. | 2004 |
| 490 ## - SERIES STATEMENT | |
| Series statement | HouseBuilder |
| Volume/sequential designation | 63(4) May 2004, 27-28(2) |
| 520 ## - SUMMARY, ETC. | |
| Summary, etc. | Looks at the implications of "Oxfordshire CC v Oxford City Council and another" ([2004] EWHC 12 (Ch) X124969), the "Trap Grounds" case, for the longstanding debate surrounding the definition of what is and what is not a village green. The ruling, which is widely anticipated will be appealed to HL, is a warning to developers looking to purchase or take options over land, to look more closely at its history with investigations potentially stretching back to the 1950s. Traces the history of registered greens from their definition under the Commons Registration Act 1965 through the changes introduced under the Countryside and Rights of Way Act 2000 (with effect from 30 January 2001), and discusses the importance of "R v Oxfordshire CC ex p Sunningwell Parish Council" (HL Abs60977), the "Sunningwell" case, in which HL found that broadly speaking land registered as a village green cannot be developed. |
| 590 ## - LOCAL NOTE (RLIN) | |
| Local note | ABS |
| 590 ## - LOCAL NOTE (RLIN) | |
| Local note | ABS |
| 650 ## - SUBJECT ADDED ENTRY--TOPICAL TERM | |
| Topical term or geographic name entry element | R V OXFORDSHIRE CC EX P SUNNINGWELL PARISH COUNCIL |
| 650 ## - SUBJECT ADDED ENTRY--TOPICAL TERM | |
| Topical term or geographic name entry element | COUNTRYSIDE AND RIGHTS OF WAY ACT 2000 |
| 650 ## - SUBJECT ADDED ENTRY--TOPICAL TERM | |
| Topical term or geographic name entry element | COMMONS REGISTRATION ACT 1965 |
| 650 ## - SUBJECT ADDED ENTRY--TOPICAL TERM | |
| Topical term or geographic name entry element | OXFORDSHIRE CC V OXFORD CITY COUNCIL AND ANOTHER |
| 650 ## - SUBJECT ADDED ENTRY--TOPICAL TERM | |
| Topical term or geographic name entry element | INCLOSURE ACT 1857 |
| 650 ## - SUBJECT ADDED ENTRY--TOPICAL TERM | |
| Topical term or geographic name entry element | COMMONS ACT 1876 |
| 650 ## - SUBJECT ADDED ENTRY--TOPICAL TERM | |
| Topical term or geographic name entry element | VILLAGE GREENS |
| 690 ## - LOCAL SUBJECT ADDED ENTRY--TOPICAL TERM (OCLC, RLIN) | |
| Topical term or geographic name as entry element | PROPERTY AND LAND LAW-CASE LAW |
| 942 ## - ADDED ENTRY ELEMENTS (KOHA) | |
| Suppress in OPAC | 0 |
| Withdrawn status | Lost status | Source of classification or shelving scheme | Damaged status | Not for loan | Home library | Current library | Shelving location | Date acquired | Total Checkouts | Full call number | Barcode | Date last seen | Copy number | Price effective from | Koha item type |
|---|---|---|---|---|---|---|---|---|---|---|---|---|---|---|---|
| Dewey Decimal Classification | London | London | Journal article | 02/06/2004 | ABS67870 | 126359-1001 | 06/08/2019 | 1 | 06/08/2019 | Journal article |